Koncepčný návrh výukového robotizovaného pracoviska
Saved in:
| Main Author: | |
|---|---|
| Other Authors: | |
| Format: | Manuscript Book |
| Language: | Slovak |
| Published: |
2019
|
| Subjects: | |
| Online Access: | http://is.stuba.sk/zp/portal_zp.pl?podrobnosti=136674 |
| Tags: |
No Tags, Be the first to tag this record!
|
MARC
| LEADER | 00000ntm a22000003a 4500 | ||
|---|---|---|---|
| 001 | stuzp75575 | ||
| 003 | SK-STU | ||
| 005 | 20190608213727.8 | ||
| 007 | ta | ||
| 008 | 150427s2015----xo-----f-mn---000-0-slo-d | ||
| 040 | |a STU |b slo | ||
| 041 | 0 | |a slo | |
| 100 | 1 | |a Baláž, Martin |u 020070 |4 aut |U SjF Strojnícka fakulta |T SjF Ústav výrobných systémov, enviromentálnej techniky a manažment kvality |X 87284 |U J0070 |Y 804 |7 87284 | |
| 242 | 0 | 1 | |a Conceptual design of an training robotized workplace |y eng |
| 245 | 1 | 0 | |a Koncepčný návrh výukového robotizovaného pracoviska |
| 260 | |c 2019 | ||
| 650 | 4 | |a robotizované pracovisko |2 slo | |
| 650 | 4 | |a robot KUKA |2 slo | |
| 650 | 4 | |a návrh |2 slo | |
| 650 | 4 | |a RobotExpert |2 slo | |
| 650 | 4 | |a RoboDK |2 slo | |
| 650 | 4 | |a KUKA robot |2 eng | |
| 650 | 4 | |a design |2 eng | |
| 650 | 4 | |a RobotExpert |2 eng | |
| 650 | 4 | |a RoboDK |2 eng | |
| 650 | 4 | |a robotized workplace |2 eng | |
| 700 | 1 | |a Križan, Peter |u 020070 |k Z1 |4 ths |U SjF Strojnícka fakulta |T SjF Ústav výrobných systémov, enviromentálnej techniky a manažment kvality |X 38318 |U J0070 |Y 804 |7 A000038318 | |
| 856 | 4 | |u http://is.stuba.sk/zp/portal_zp.pl?podrobnosti=136674 | |